| 000 | 00556nam a2200169 a 4500 | ||
|---|---|---|---|
| 001 | BRCA_1270 | ||
| 005 | 20190320203344.0 | ||
| 008 | 171105s1992----mx-#######---#000-0#spa-d | ||
| 050 | 4 |
_aNA2850 _b.G37 1992 |
|
| 100 | 1 |
_aGarcía Cisneros, Pablo _94175 |
|
| 245 | 1 | 0 |
_aEl hospicio de Santo Tomás de Villanueva de la provincia de las Filipinas _cPablo García Cisneros. |
| 260 |
_aMéxico _bEl Autor _c1992 |
||
| 300 |
_a29 p. _c21 cm. |
||
| 504 | _aBibliografía: p. 28-29 | ||
| 650 | 1 | 4 |
_aArquitectura de interiores _xHistoria _zFilipinas _94176 |
| 942 |
_2lcc _cB |
||
| 999 |
_c1139 _d1139 |
||